| 000 | 00519nam a22001937a 4500 | ||
|---|---|---|---|
| 003 | CEME | ||
| 005 | 20210628202801.0 | ||
| 008 | 210204b xxu||||| |||| 00| 0 eng d | ||
| 020 | _a0-07-015389-2 | ||
| 040 | _c. | ||
| 082 | _a620.112 BEE | ||
| 100 |
_aBeer, Ferdinand.P Johnston, E Russell _956612 |
||
| 245 | _aMechanics of materials, second edition in si units | ||
| 250 | _a5TH | ||
| 260 |
_aNEW YORK _bMCGRAW HILL _c2009 |
||
| 300 | _aXIX,767P | ||
| 650 |
_aMECHANICS OF MATERIALS _961267 |
||
| 942 |
_cBK _2ddc |
||
| 999 |
_c571000 _d571000 |
||